000 00713nam a22001817a 4500
005 20091023112757.0
008 091023t xxu||||| |||| 00| 0 eng d
020 _a1-84353-517-3
080 _a820-31(036)
_bHAA
100 _aHaag, Michael
_98170
245 _aThe rough guide to the Da Vinci code:
_ban unauthorised guide:history, legends locations
260 _aLondon
_bRough Guides Ltd
_c2004
_98171
300 _a256p.
653 _aFiction-English Literature
_aDa Vinci Code-Guide
_aCryptography-literature
_aJesus Christ-literature
700 _aVeronica Haag
_98172
942 _cBK
952 _w2009-10-23
_p00055652
_r2009-10-23
_40
_00
_bUL
_10
_o820-31(036) HAA
_d2009-10-23
_70
_2udc
_yBK
_aUL
999 _c9226
_d9225